Advanced Bible study course. (Record no. 3819)

000 -LEADER
fixed length control field 00581nam a2200181 a 4500
001 - CONTROL NUMBER
control field :::00001554$&:&@@
003 - CONTROL NUMBER IDENTIFIER
control field OkBaRHE
005 - DATE AND TIME OF LATEST TRANSACTION
control field 20000607103244.0
008 - FIXED-LENGTH DATA ELEMENTS--GENERAL INFORMATION
fixed length control field s1970 j 000 0 eng u
040 ## - CATALOGING SOURCE
Transcribing agency
100 1# - MAIN ENTRY--PERSONAL NAME
Personal name Kenyon, Essek William, 1857-1948.
245 10 - TITLE STATEMENT
Title Advanced Bible study course.
260 ## - PUBLICATION, DISTRIBUTION, ETC. (IMPRINT)
Place of publication, distribution, etc Lynnwood, WA., :
Name of publisher, distributor, etc Kenyon's Gospel Publishing House
Date of publication, distribution, etc c1970
300 ## - PHYSICAL DESCRIPTION
Extent 316 p. ;
Dimensions 21 cm.
650 ## - SUBJECT ADDED ENTRY--TOPICAL TERM
Topical term or geographic name as entry element Bible Study Outlines, Syllabi, etc.
942 ## - ADDED ENTRY ELEMENTS (KOHA)
Source of classification or shelving scheme
Koha item type Books
Copies
Barcode Permanent Location Copy number Source of classification or shelving scheme Full call number Not for loan Date last seen Price effective from Date acquired Shelving location Withdrawn status Koha item type Damaged status Lost status
1554RHEMA Bible Training College1 BS 600 .K4 2010-04-142010-04-142010-04-14General Stacks Books